Tratado que instituye la comunidad europea de la energía atómica /
Guardado en:
| Autores Corporativos: | , |
|---|---|
| Format: | Texto |
| Udgivet: |
Madrid:
Instituto Francisco Vitoria
|
| Tags: |
Tilføj Tag
Ingen Tags, Vær først til at tagge denne postø!
|
MARC
| LEADER | 00000 a a2200000 04500 | ||
|---|---|---|---|
| 001 | 25378 | ||
| 003 | |||
| 040 | |||
| 020 | |a 84-00-03566-6 | ||
| 090 | |a 181503 | ||
| 110 | |a Consejo Superior de Investigaciones Científicas | ||
| 245 | |a Tratado que instituye la comunidad europea de la energía atómica / |c Consejo Superior de Investigaciones Científicas | ||
| 260 | |a Madrid: |b Instituto Francisco Vitoria | ||
| 300 | |a pp. 309-404; vol. 3 | ||
| 710 | |a Instituto Francisco de Vitoria | ||
| 999 | |c 13234 |d 13234 | ||



